[Event "GER-chT U12"]
[Site "Verden an der Aller"]
[Date "2006.12.27"]
[Round "2.4"]
[White "Reisberg, Andre"]
[Black "Bruehan, Jan"]
[Result "1/2-1/2"]
[WhiteElo "1081"]
[BlackElo "977"]
[PlyCount "105"]
[EventDate "2006.12.27"]
[EventType "team-swiss"]
[EventRounds "7"]
[EventCountry "GER"]
[SourceTitle "EXT 2008"]
[Source "ChessBase"]
[SourceDate "2007.11.25"]
[SourceVersion "1"]
[SourceVersionDate "2007.11.25"]
[SourceQuality "1"]
[WhiteTeam "Brackel SF U12"]
[BlackTeam "Heusweiler SC Reti U12"]
[WhiteTeamCountry "GER"]
[BlackTeamCountry "GER"]

1. d4 d5 2. Nf3 Nc6 3. Bf4 Bf5 4. a3 Nf6 5. e3 a6 6. Nbd2 e6 7. c4 Bd6 8. Bxd6 Qxd6 9. c5 Qd7 10. b4 b5 11. Qb3 0-0 12. Bd3 Bxd3 13. Qxd3 g6 14. e4 dxe4 15. Nxe4 Nxe4 16. Qxe4 f5 17. Qe3 Rad8 18. Rd1 e5 19. d5 Rfe8 20. 0-0 Nd4 21. Nxd4 exd4 22. Qxd4 Re4 23. c6 Qd6 24. Qa7 Rh4 25. g3 Rh6 26. Qxa6 f4 27. Qxb5 fxg3 28. hxg3 Qe5 29. Qc4 Qh5 30. Qh4 Qxh4 31. gxh4 Rxh4 32. Kg2 Rf8 33. d6 cxd6 34. Rxd6 Rff4 35. f3 Rc4 36. b5 Rc2+ 37. Rf2 Rc5 38. b6 Rg5+ 39. Kf1 Rh1+ 40. Ke2 Re5+ 41. Kd2 Rb5 42. Re2 Rxb6 43. Re7 Rh2+ 44. Kc3 Kf8 45. Red7 Rh3 46. Rf6+ Ke8 47. Rb7 Ra6 48. Kb3 Rh1 49. Kb2 Rh2+ 50. Kb3 Rh1 51. Kb2 Rh2+ 52. Kb3 Rh1 53. Kb2 1/2-1/2

[Event "GER-ch op U25"]
[Site "Willingen"]
[Date "2006.06.04"]
[Round "3"]
[White "Naundorf, Jo Jan"]
[Black "Bruehan, Jan"]
[Result "0-1"]
[WhiteElo "1244"]
[BlackElo "1007"]
[PlyCount "206"]
[EventDate "2006.06.04"]
[EventType "swiss"]
[EventRounds "9"]
[EventCountry "GER"]
[SourceTitle "EXT 2007"]
[Source "ChessBase"]
[SourceDate "2006.11.23"]
[SourceVersion "1"]
[SourceVersionDate "2006.11.23"]
[SourceQuality "1"]

1. e4 e5 2. Nf3 Nc6 3. Bb5 Bc5 4. 0-0 Nf6 5. Nc3 d6 6. d3 Bg4 7. h3 Bh5 8. Bg5 h6 9. Bh4 g5 10. Bg3 g4 11. hxg4 Bxg4 12. Bh4 Rg8 13. Kh2 Rg6 14. Nd5 Be6 15. Nxf6+ Rxf6 16. Bxf6 Qxf6 17. c3 0-0-0 18. Bxc6 bxc6 19. d4 exd4 20. cxd4 Bb6 21. a3 Rg8 22. Rc1 Bg4 23. Rc3 Qf4+ 24. g3 Qxe4 25. Re1 Qf5 26. Ree3 Ba5 27. b4 Bb6 28. Qd3 Qxd3 29. Rexd3 Bf5 30. Rd2 c5 31. dxc5 dxc5 32. Nh4 Bg4 33. Rdc2 cxb4 34. axb4 a5 35. bxa5 Bxa5 36. Ra3 Rg5 37. Rc4 Be6 38. Rca4 Bb6 39. f4 Rd5 40. Nf3 Rh5+ 41. Nh4 Rc5 42. Kg2 Bd5+ 43. Kh3 Be6+ 44. g4 Rc1 45. f5 Bd7 46. Ra8+ Kb7 47. Rf8 Bc6 48. Ra2 Bc5 49. Rb2+ Ka7 50. Ra2+ Kb7 51. Raa8 Kb6 52. Rfb8+ Bb7 53. Nf3 Rc3 54. Kg2 Rc2+ 55. Kf1 Rf2+ 56. Ke1 Rxf3 57. Ra4 Kb5 58. Re4 Kc6 59. Ra4 Kb5 60. Re4 Kc6 61. Ra4 Kb5 62. Re4 Kc6 63. Ra4 Kb5 64. Re4 Kc6 65. Ra4 Rb3 66. Rh8 Kd7 67. Rxh6 Bb4+ 68. Kf2 Rb2+ 69. Ke3 Bd2+ 70. Kd3 Bxh6 71. Rd4+ Kc8 72. Kc4 Ba6+ 73. Kd5 Bb7+ 74. Kc4 Bg7 75. Rd1 Rc2+ 76. Kb3 Rc3+ 77. Kb4 Rc2 78. Kb3 Rc6 79. Kb4 Bf8+ 80. Kb3 Rb6+ 81. Kc3 Bb4+ 82. Kc2 Bc6 83. Rb1 Be4+ 84. Kc1 Bxb1 85. Kxb1 Rc6 86. g5 Rc5 87. g6 fxg6 88. fxg6 Rg5 89. Kb2 Rxg6 90. Kb3 Be7 91. Kc4 Rg5 92. Kd4 Kd7 93. Kc4 Kd6 94. Kb4 Kc6+ 95. Ka4 Kb6 96. Kb3 Rg4 97. Kc3 Kc6 98. Kb3 Kc5 99. Ka3 Kb5+ 100. Kb3 Rg3+ 101. Kb2 Kc4 102. Ka1 Kb3 103. Kb1 Rg1# 0-1

[Event "GER-ch U10"]
[Site "Willingen"]
[Date "2005.05.19"]
[Round "9"]
[White "Peil, Christoph"]
[Black "Bruehan, Jan"]
[Result "0-1"]
[WhiteElo "1096"]
[BlackElo "784"]
[PlyCount "50"]
[EventDate "2005.05.14"]
[EventType "swiss"]
[EventRounds "11"]
[EventCountry "GER"]
[SourceTitle "CBM 106 Extra"]
[Source "ChessBase"]
[SourceDate "2005.07.01"]
[SourceVersion "1"]
[SourceVersionDate "2005.07.01"]
[SourceQuality "1"]

1. d4 d5 2. c4 e6 3. Nc3 Nf6 4. Nf3 Be7 5. Bf4 Bd7 6. e3 Nc6 7. Bd3 dxc4 8. Bxc4 a6 9. 0-0 b5 10. Bb3 Rc8 11. d5 exd5 12. Nxd5 Rf8 13. Ne5 Nxe5 14. Bxe5 Nxd5 15. Qxd5 c6 16. Qf3 f6 17. Bd4 Rc7 18. Bb6 c5 19. Qh5+ g6 20. Qxh7 Be6 21. Bxc7 Qxc7 22. Bxe6 Qe5 23. Qxg6+ Kd8 24. Rad1+ Bd6 25. Qf5 Qxh2# 0-1

[Event "GER-ch U10"]
[Site "Willingen"]
[Date "2005.05.17"]
[Round "6"]
[White "Bruehan, Jan"]
[Black "Stuhler, Kilian"]
[Result "0-1"]
[WhiteElo "784"]
[BlackElo "1087"]
[PlyCount "36"]
[EventDate "2005.05.14"]
[EventType "swiss"]
[EventRounds "11"]
[EventCountry "GER"]
[SourceTitle "CBM 106 Extra"]
[Source "ChessBase"]
[SourceDate "2005.07.01"]
[SourceVersion "1"]
[SourceVersionDate "2005.07.01"]
[SourceQuality "1"]

1. e4 e5 2. Nf3 Nc6 3. Nc3 Nf6 4. Bc4 Nxe4 5. Nxe4 d5 6. Bxd5 Qxd5 7. Nc3 Qa5 8. d3 Bb4 9. Bd2 Be6 10. a3 Bxc3 11. Bxc3 Qd5 12. Bb4 0-0-0 13. Ng5 Qxg2 14. Nxe6 Qxh1+ 15. Ke2 Qxd1+ 16. Rxd1 fxe6 17. Bd2 Nd4+ 18. Kf1 Nxc2 0-1

[Event "Saarland-ch D"]
[Site "Saarlouis Steinrausch"]
[Date "2005.03.24"]
[Round "7"]
[White "Bruehan, Jan"]
[Black "Mueller, Denis"]
[Result "1/2-1/2"]
[WhiteElo "799"]
[BlackElo "841"]
[PlyCount "54"]
[EventDate "2005.03.18"]
[EventType "swiss"]
[EventRounds "9"]
[EventCountry "GER"]
[SourceTitle "EXT 2012"]
[Source "ChessBase"]
[SourceDate "2011.11.24"]
[SourceVersion "1"]
[SourceVersionDate "2011.11.24"]
[SourceQuality "1"]

1. e4 e6 2. d4 d5 3. Bd3 c5 4. Be3 cxd4 5. Bxd4 Nc6 6. Be3 Bb4+ 7. Nc3 Qa5 8. Bd2 Bxc3 9. Bxc3 Qb6 10. Qd2 Nf6 11. f3 0-0 12. 0-0-0 e5 13. f4 Re8 14. fxe5 Nxe5 15. Bxe5 Rxe5 16. Nf3 Nxe4 17. Bxe4 Rxe4 18. Qxd5 Re8 19. Ne5 Be6 20. Nd7 Qe3+ 21. Qd2 Bxd7 22. Qxe3 Rxe3 23. Rxd7 Rae8 24. Rhd1 h6 25. Rxb7 Re2 26. Rxa7 Rxg2 27. b3 Rxh2 1/2-1/2

[Event "Saarland-ch D"]
[Site "Saarlouis Steinrausch"]
[Date "2005.03.21"]
[Round "4"]
[White "Klauck, Thorsten"]
[Black "Bruehan, Jan"]
[Result "1-0"]
[WhiteElo "897"]
[BlackElo "799"]
[PlyCount "41"]
[EventDate "2005.03.18"]
[EventType "swiss"]
[EventRounds "9"]
[EventCountry "GER"]
[SourceTitle "EXT 2012"]
[Source "ChessBase"]
[SourceDate "2011.11.24"]
[SourceVersion "1"]
[SourceVersionDate "2011.11.24"]
[SourceQuality "1"]

1. e4 e5 2. Nf3 Nc6 3. Nc3 Nf6 4. d3 Bb4 5. Bd2 d6 6. a3 Bxc3 7. Bxc3 Bg4 8. h3 Bh5 9. Be2 d5 10. Nxe5 Bxe2 11. Qxe2 d4 12. Nxc6 bxc6 13. Bd2 0-0 14. 0-0 g6 15. Bg5 Qd6 16. e5 Qe6 17. Bxf6 Rfe8 18. Qd2 Rab8 19. Qh6 Qxf6 20. exf6 Rxb2 21. Qg7# 1-0